| 000 | 01013cad a22002295a 4500 | ||
|---|---|---|---|
| 001 | L157325 | ||
| 008 | 121016e20121016xxkd f s f000 0 eng d | ||
| 035 | _a(Sirsi) u157325 | ||
| 041 | 0 | _aeng | |
| 110 | 1 |
_aOffice for National Statistics _92210 |
|
| 245 | 0 | 0 |
_aHouse price index _bAugust 2012 _h[electronic resource] |
| 260 |
_aLondon _bDCLG _c2012 |
||
| 490 | 0 |
_aONS House Price Index _vAugust 2012 |
|
| 520 | _aUK house prices increased by 1.8% since August 2011 and 0.1% between July and August 2012. The mix-adjusted average house price was £234 000 in August 2012 (not seasonally adjusted). Annual average house prices increased by 2.1% in England, 0.5% in Scotland, 1.4% in Wales and fell by 12.8% in Northern Ireland. | ||
| 521 | _aAdvanced | ||
| 590 | _aKA NTK | ||
| 650 | 2 | 4 | _aONS HOUSE PRICE INDEX |
| 651 | 4 |
_aUnited Kingdom _y |
|
| 690 |
_aResidential property _96266 |
||
| 856 | 4 | 0 |
_uhttps://www.ons.gov.uk/ons/dcp171778_282734.pdf _zView this item free of charge at www.ons.gov.uk |
| 942 | _n0 | ||
| 999 |
_c114720 _d114720 |
||